| 000 | 01237nam a22002897a 4500 | ||
|---|---|---|---|
| 005 | 20220131083629.0 | ||
| 008 | 220131s2021 ck |||gr|||| 00| 0 spa d | ||
| 020 | _a9789587463828 | ||
| 040 |
_aCO-BoUCM _bspa _cDeissy Garcia _dDeissy Garcia |
||
| 041 | 0 | _aspa | |
| 100 | 1 |
_9173080 _aPaba Barbosa, Carmelina |
|
| 245 | 1 | 0 |
_aNormas para la presentación de informes de investigación y artículos científicos _cCarmelina Paba Barbosa, Zuany Luz Paba Argote ... [y otros 2] |
| 260 |
_aSanta Marta _bUniversidad del Magdalena _c2021 |
||
| 300 | _a113 páginas | ||
| 490 | 0 | _aCiencias sociales. Psicología | |
| 500 | _aIncluye citas y referencias bibliográficas según Normas APA de la 7a. edición | ||
| 504 | _aIncluye referencias bibliográficas | ||
| 650 | 7 |
_923231 _aRedacción de escritos técnicos _xNormas |
|
| 650 | 7 |
_aCitas bibliográficas _xNormas _9173083 |
|
| 650 | 7 |
_aArte de escribir _xManuales de estilo _9173084 |
|
| 650 | 7 |
_aPublicaciones científicas _922910 |
|
| 700 | 1 |
_9173081 _aPaba Argote, Zuany Luz |
|
| 700 | 1 |
_9173082 _aVega Villa, David Felipe |
|
| 700 |
_969875 _aCeballos Ospino, Guillermo Augusto |
||
| 942 |
_2DEWEY _a18 _cLIBRO _e1 _h808.0665 _mP112n _n0 |
||
| 999 |
_c320433 _d320433 |
||